[Event "GER-ch U12"]
[Site "Oberhof"]
[Date "2011.06.13"]
[Round "3"]
[White "Kast, Larissa"]
[Black "Hoffmann, Christoph"]
[Result "1-0"]
[WhiteElo "1158"]
[BlackElo "1360"]
[PlyCount "119"]
[EventDate "2011.06.11"]
[EventType "swiss"]
[EventRounds "11"]
[EventCountry "GER"]
[SourceTitle "CBM 142 Extra"]
[Source "ChessBase"]
[SourceDate "2011.06.27"]
[SourceVersion "1"]
[SourceVersionDate "2011.06.27"]
[SourceQuality "1"]

1. e4 e6 2. d4 d5 3. exd5 exd5 4. Nc3 Nf6 5. Bg5 Bb4 6. Qf3 Be6 7. a3 Bxc3+ 8. Qxc3 Nbd7 9. Nf3 c6 10. Be2 0-0 11. Ne5 Qc7 12. Nd3 Ne4 13. Bf4 Qb6 14. Qb4 Rfe8 15. f3 Nef6 16. Qxb6 axb6 17. 0-0-0 Bf5 18. Rhe1 c5 19. dxc5 bxc5 20. g4 Bg6 21. h4 h6 22. h5 Bh7 23. Bd6 Bxd3 24. Bxd3 Rxe1 25. Rxe1 c4 26. Bf5 Re8 27. Rxe8+ Nxe8 28. Bf4 Nc5 29. Kd2 Ne6 30. Ke3 Nf6 31. Be5 Nd7 32. Bd4 Kf8 33. c3 b6 34. f4 Ndc5 35. Bxe6 fxe6 36. Bxc5+ bxc5 37. Kd2 Ke7 38. Kc2 Kd6 39. b3 cxb3+ 40. Kxb3 Kc6 41. Ka4 Kb6 42. Kb3 Ka5 43. a4 Kb6 44. Ka3 c4 45. Kb4 Ka6 46. a5 Ka7 47. Kb5 Kb7 48. Kc5 Ka6 49. Kb4 Kb7 50. Kc5 Kc7 51. a6 Kb8 52. Kd4 Ka7 53. f5 exf5 54. gxf5 Kxa6 55. Kxd5 Kb5 56. Kd4 Kc6 57. Kxc4 Kb6 58. Kd5 Kc7 59. c4 Kd7 60. c5 1-0

[Event "GER-ch U10"]
[Site "Oberhof"]
[Date "2010.05.26"]
[Round "7"]
[White "Hoffmann, Christoph"]
[Black "Simon, Tessa"]
[Result "1-0"]
[WhiteElo "1094"]
[BlackElo "1270"]
[PlyCount "87"]
[EventDate "2010.05.22"]
[EventType "swiss"]
[EventRounds "11"]
[EventCountry "GER"]
[SourceTitle "CBM 136 Extra"]
[Source "ChessBase"]
[SourceDate "2010.07.02"]
[SourceVersion "2"]
[SourceVersionDate "2010.07.15"]
[SourceQuality "1"]

1. d4 Nf6 2. c4 c5 3. d5 b5 4. b3 b4 5. Bf4 d6 6. Nd2 g6 7. e4 Nbd7 8. Ngf3 Bg7 9. Bd3 Nh5 10. Bg3 Bxa1 11. Qxa1 0-0 12. 0-0 Ng7 13. e5 dxe5 14. Nxe5 Nxe5 15. Bxe5 f6 16. Bg3 Bf5 17. Be2 e5 18. Bf3 Rc8 19. Be4 Bxe4 20. Nxe4 Nf5 21. f3 Nxg3 22. hxg3 Qe7 23. Qb1 Qg7 24. Qc1 Rb8 25. Nxc5 Rb6 26. Ne6 Rxe6 27. dxe6 Qe7 28. Qe3 Ra8 29. Qd2 a5 30. Qd7 Qxd7 31. exd7 Rd8 32. Rd1 Kf7 33. c5 Ke7 34. c6 h5 35. Kf2 f5 36. Ke2 g5 37. Rd5 Kf6 38. c7 Rf8 39. d8Q+ Rxd8 40. cxd8Q+ Ke6 41. Rd6+ Kf7 42. Rf6+ Kg7 43. Qf8+ Kh7 44. Rh6# 1-0